| 000 | 01200nam0a22002771 4500 | ||
|---|---|---|---|
| 001 | rc\735518 | ||
| 005 | 20040301141843.1 | ||
| 035 | _a(NLR Aleph) 006265618 | ||
| 090 |
_a6895016 _c6895016 |
||
| 100 | _a20040301d1985 u |0rusy50 ca | ||
| 101 | 0 | _arus | |
| 102 | _aRU | ||
| 105 | _aa ||||||||| | ||
| 200 | 1 |
_aПроблемы защиты окружающей среды в литейном производстве _eОбзор зарубеж. опыта _f[Сост. Е.С. Шульдинер, В.В. Даль, Л.Г. Бучкина и др. _gНауч. ред. д. т. н. Г.Л. Ходоровский] |
|
| 210 |
_a[М.] _cНИАТ _d1985 |
||
| 215 |
_a56 с. _cил. _d22 |
||
| 300 | _aВ надзаг.: НИИ технологии и орг. пр-ва НИАТ | ||
| 320 | _aБиблиогр.: с. 55-56 | ||
| 702 | 1 |
_aШульдинер _bЕ. С. _4220 |
|
| 702 | 1 |
_aХодоровский _bГ. Л. _gГенри Литманович _4340 |
|
| 712 | 0 | 2 |
_aНИИ технологии и организации производства _cМосква _3RU\NLR\AUTH\889925981 _4650 |
| 801 | 0 |
_aRU _bNLR _gpsbo |
|
| 801 | 1 |
_aRU _bELAR _2rusmarc |
|
| 852 |
_aNLR _j85-6/5522 |
||
| 942 | _cBOOK | ||
| 980 | _aNB | ||